Statistiche per Indovina il pokémon dall'immagine

Clicka qui per fare il quiz!

Statistiche generali

  • Questo quiz è stato fatto 863 volte
  • Il punteggio medio è 14 su 16

Statistiche sulle risposte

Risposta% Corretto
Pikachu
99%
Bulbasaur
98%
Mew
96%
Eevee
93%
Squirtle
90%
Charizard
88%
Magikarp
85%
Snorlax
85%
Vulpix
85%
Psyduck
81%
Diglett
80%
Geodude
78%
Koffing
76%
Growlithe
75%
Meowth
74%
Mudkip
71%

Distribuzione punteggi

Percentile per numero di risposta

Percentuale di utenti per punteggio

I tuoi punteggi nel tempo

Non hai fatto questo quiz